| 000 | 00782nam a2200241 a 4500 | ||
|---|---|---|---|
| 001 | BRL_1473 | ||
| 005 | 20190320211226.0 | ||
| 008 | 230114s1985----u--abo####---#000-0#eng-# | ||
| 041 | _aeng | ||
| 044 | _au | ||
| 050 | 4 |
_aF1219.3.M4 _b.O35 1985 |
|
| 100 | 1 |
_aOettinger, Marion _94324 |
|
| 245 | 1 | 0 |
_aDancing faces _bmexican masks in a cultural context _cMarion Oettinger. |
| 260 |
_aWashington, D.C. _bMeridian House International _c1985 |
||
| 300 |
_a78 p. _bil., mapas, fotografías _c23 cm. |
||
| 500 | _aAu1772 | ||
| 500 | _aIncluye dedicatoria a Ruth Lechuga | ||
| 504 | _aBibliografía: p. 65-71 | ||
| 600 | 1 | 4 |
_aMoya Rubio, Víctor José _vExposiciones _xColecciones de arte _927033 |
| 650 | 1 | 4 |
_aMáscaras _vExposiciones _zMéxico _923518 |
| 902 | _aGRL | ||
| 942 |
_2lcc _cB |
||
| 999 |
_c10283 _d10283 |
||